| 000 | 00394nam a2200145Ia 4500 | ||
|---|---|---|---|
| 008 | 210210b1971 xxu||||| |||| 00| 0 eng d | ||
| 020 | _a0 226 86949 0 | ||
| 082 | _a300.72 WAXD | ||
| 100 | _aWAX (Rosalie H). | ||
| 245 | _aDoing fieldwork warnings and advice. | ||
| 260 |
_aChicago. _bThe University Of Chicago Press., _c1971 |
||
| 300 | _ax,395 | ||
| 690 | _aSocial Research | ||
| 906 | _a040883 | ||
| 999 |
_c90743 _d90743 |
||